Statistieken voor Nederlandse Gemeenten

Klik hier om de quiz te nemen!

Algemene statistieken

  • Deze quiz is 4.518 keer genomen
  • De gemiddelde score is 116 van 355

Antwoorden op de kaart

Antwoorden kleurgecodeerd door een groen-rode schaal op de quizkaart volgens % correct hieronder.
Laden...
 

Antwoordstatistieken

Antwoord% Correct
Amsterdam
96%
Groningen
93%
Rotterdam
93%
Utrecht
90%
Maastricht
90%
's-Gravenhage
90%
Texel
87%
Leeuwarden
84%
Lelystad
84%
Terschelling
83%
Ameland
82%
Eindhoven
82%
Almere
82%
Schiermonnikoog
82%
Vlieland
82%
Middelburg
79%
Zwolle
78%
Assen
77%
Breda
77%
Arnhem
77%
's-Hertogenbosch
76%
Tilburg
76%
Den Helder
75%
Haarlem
75%
Nijmegen
75%
Enschede
72%
Alkmaar
72%
Venlo
72%
Urk
68%
Apeldoorn
68%
Almelo
68%
Vlissingen
67%
Leiden
66%
Emmen
64%
Amersfoort
64%
Hengelo
62%
Delft
61%
Bergen
60%
Heerenveen
60%
Hilversum
60%
Dordrecht
59%
Roosendaal
59%
Gouda
57%
Roermond
57%
Sittard-Geleen
56%
Deventer
55%
Goes
55%
Terneuzen
55%
Hoorn
54%
Ede
53%
Oss
53%
Heerlen
52%
Harderwijk
50%
Katwijk
50%
Bergen op Zoom
49%
Venray
49%
Zandvoort
48%
Harlingen
48%
Noordoostpolder
48%
Alphen aan den Rijn
48%
Delfzijl
48%
Enkhuizen
47%
Doetinchem
47%
Wageningen
46%
Helmond
46%
Amstelveen
45%
Kerkrade
45%
Haarlemmermeer
45%
Weert
44%
Dronten
44%
Zoetermeer
43%
Noordwijk
43%
Meppel
43%
Zeist
43%
Zaanstad
42%
Kampen
42%
Winterswijk
42%
Purmerend
41%
Waalwijk
41%
Zutphen
41%
Tiel
41%
Vaals
41%
Baarle-Nassau
40%
Schiedam
40%
Hoogeveen
40%
Horst aan de Maas
39%
Woerden
38%
Soest
38%
Bloemendaal
38%
Zeewolde
38%
Valkenburg aan de
Geul
38%
Nieuwegein
38%
Coevorden
37%
Barneveld
37%
Goeree-Overflakkee
37%
Wassenaar
37%
Gorinchem
37%
Uden
36%
Veenendaal
36%
Epe
36%
Kapelle
35%
Heerhugowaard
35%
Huizen
35%
Houten
35%
Diemen
35%
Castricum
35%
Veendam
34%
Duiven
34%
Beverwijk
33%
Ommen
33%
Laren
33%
Vlaardingen
33%
Schagen
32%
Boxtel
32%
Baarn
32%
Stadskanaal
32%
Putten
32%
Barendrecht
32%
Blaricum
32%
Ermelo
32%
Aalsmeer
31%
Hardenberg
31%
Nijkerk
31%
Best
31%
Westland
31%
Sluis
30%
Maassluis
30%
Rozendaal
30%
Edam-Volendam
30%
Oldenzaal
30%
Lisse
30%
Súdwest-Fryslân
30%
Nunspeet
30%
Capelle aan den
IJssel
30%
Hulst
30%
Culemborg
29%
Haaren
29%
Etten-Leur
29%
Zaltbommel
29%
Rhenen
29%
Tholen
29%
Schouwen-Duiveland
29%
IJsselstein
29%
Cuijk
29%
Valkenswaard
29%
Boxmeer
29%
De Bilt
29%
Appingedam
28%
Oosterhout
28%
Veldhoven
28%
Rijswijk
28%
Alblasserdam
28%
Zwijndrecht
28%
Zevenaar
28%
De Fryske Marren
27%
Papendrecht
27%
Oisterwijk
27%
Wijchen
27%
Veere
27%
Vught
27%
Weesp
27%
Utrechtse Heuvelrug
27%
Deurne
27%
Sliedrecht
27%
Raalte
27%
Hellevoetsluis
27%
Dalfsen
27%
Staphorst
27%
Aalten
26%
Hollands Kroon
26%
Ridderkerk
26%
Medemblik
26%
Velsen
26%
Beek
26%
Leiderdorp
25%
Moerdijk
25%
Leusden
25%
Hellendoorn
25%
Aa en Hunze
25%
Bunschoten
25%
Heemskerk
25%
Midden-Drenthe
25%
Krimpen aan den
IJssel
25%
Brielle
25%
Asten
25%
Landgraaf
25%
Nederweert
24%
Rheden
24%
Haaksbergen
24%
Hilvarenbeek
24%
Heiloo
24%
Goirle
24%
Losser
24%
Borne
24%
Waterland
24%
Brunssum
24%
Heemstede
24%
Elburg
24%
Midden-Groningen
23%
Pekela
23%
Oirschot
23%
Hillegom
23%
Borsele
23%
Wierden
23%
Lochem
23%
Doesburg
23%
Waddinxveen
23%
Bunnik
23%
Woensdrecht
23%
Berg en Dal
23%
Hof van Twente
23%
Lopik
23%
Beemster
23%
Hattem
23%
Noord-Beveland
23%
Zundert
23%
Uitgeest
22%
Waalre
22%
Oegstgeest
22%
Echt-Susteren
22%
Grave
22%
Gooise Meren
22%
Son en Breugel
22%
Hendrik-Ido-Ambacht
22%
Overbetuwe
22%
Peel en Maas
22%
Bronckhorst
22%
Boekel
22%
Zwartewaterland
22%
Steenwijkerland
22%
Alphen-Chaam
22%
Tubbergen
22%
Loppersum
22%
Someren
21%
Bladel
21%
Stein
21%
Rucphen
21%
Leidschendam-
Voorburg
21%
Uithoorn
21%
Buren
21%
Steenbergen
21%
Tynaarlo
21%
Altena
21%
Wijk bij Duurstede
21%
Gennep
21%
Olst-Wijhe
21%
Neder-Betuwe
21%
Dongen
21%
Loon op Zand
21%
Voorschoten
21%
Hoeksche Waard
21%
De Ronde Venen
21%
Eersel
21%
De Wolden
20%
Noardeast-Fryslân
20%
Het Hogeland
20%
Twenterand
20%
Druten
20%
Eijsden-Margraten
20%
Beuningen
20%
Dinkelland
20%
Brummen
20%
Heusden
20%
Heerde
20%
Stichtse Vecht
20%
Meerssen
20%
Montfoort
20%
Renkum
20%
Zoeterwoude
20%
Meierijstad
20%
Oldambt
20%
Eemnes
20%
Bergeijk
20%
West Betuwe
19%
Voorst
19%
Geldrop-Mierlo
19%
Vijfheerenlanden
19%
Achtkarspelen
19%
Lansingerland
19%
Weststellingwerf
19%
Oudewater
19%
Borger-Odoorn
19%
Mook en Middelaar
19%
Simpelveld
19%
Midden-Delfland
19%
Roerdalen
19%
Hardinxveld-
Giessendam
19%
Voerendaal
19%
Ooststellingwerf
19%
Leudal
19%
Pijnacker-Nootdorp
19%
Gulpen-Wittem
19%
Gilze en Rijen
19%
Smallingerland
19%
Woudenberg
19%
Westerveld
18%
Nieuwkoop
18%
Sint-Michielsgestel
18%
Westerwolde
18%
Geertruidenberg
18%
Cranendonck
18%
Oldebroek
18%
Scherpenzeel
18%
Oostzaan
18%
Maasdriel
18%
Krimpenerwaard
18%
Noordenveld
18%
Stede Broec
18%
Heumen
18%
Berkelland
18%
Rijssen-Holten
18%
Zuidplas
18%
Nissewaard
18%
Drimmelen
18%
Dantumadiel
18%
Montferland
18%
Reimerswaal
18%
Westerkwartier
18%
Albrandswaard
18%
Waadhoeke
17%
Landerd
17%
Nuenen, Gerwen
en Nederwetten
17%
Molenlanden
17%
Halderberge
17%
Opmeer
17%
Opsterland
17%
Landsmeer
17%
Gemert-Bakel
17%
Beekdaelen
17%
Maasgouw
17%
Lingewaard
17%
Kaag en Braassem
17%
Beesel
17%
Tytsjerksteradiel
17%
Oude IJsselstreek
17%
West Maas en Waal
17%
Oost Gelre
17%
Westervoort
17%
Sint Anthonis
17%
Drechterland
17%
Koggenland
17%
Langedijk
17%
Renswoude
17%
Bernheze
17%
Laarbeek
16%
Bodegraven-Reeuwijk
16%
Ouder-Amstel
16%
Teylingen
16%
Westvoorne
16%
Reusel-De Mierden
16%
Mill en Sint Hubert
16%
Heeze-Leende
16%
Wijdemeren
15%
Wormerland
15%

Scoreverdeling

Percentiel versus Aantal Correcte Antwoorden

Procent van Mensen met Elke Score

Uw Scoregeschiedenis

U heeft deze quiz nog niet genomen